000
00245nam a22001217a 4500
003
SGT
082
_a
823
_b
CHH
100
_a
CHHAPGAR B.F
245
_a
MAN INSIDE THE SEA
260
_a
INDIA
_b
NBTA PUB
_c
1995
300
_a
196
942
_2
ddc
_c
BK
999
_c
33882
_d
33882